000 00240nam a2200097Ia 4500
001 683226
005 20250826161434.0
008 250824s9999 xx 000 0 und d
245 0 _aSİYAH KEHRİBAR
_cTARIK BUĞRA
260 _bÖTÜKEN YAYINLARI
999 _c683226
_d683226